00669nam a2200241 a 4500001001300000003000900013005001700022008004100039020001000080082001700090100002400107245001900131260003600150300000800186500003500194505000800229650001900237700002400256902000800280942000700288952011700295999001500412nice12345678IN_TiNIC20260116011905.0050524s1967 azaa grp 000 0 per  ac10000a891.51bFAR1 aFarahi, Hameeduddin aNawa-I-Pahelvi aAzam GarhbHameedia Pressc1967 a55p aincludes index and biblioraphy2 aApp aPersian Poetry1 aFarahi, Hameeduddin bSRS cBK 001040708StackRoom-aHMIbHMId2007-06-01g100.00l0o891.51 FAR1p06020r2007-06-01v100.00w2005-05-24yBK c4737d4737